Building construction illustrated / (Record no. 548922)

000 -LEADER
fixed length control field 00694cam a2200205 i 4500
020 ## - INTERNATIONAL STANDARD BOOK NUMBER
International Standard Book Number 9781118458341 (pbk.)
082 00 - DEWEY DECIMAL CLASSIFICATION NUMBER
Classification number 692.1
Author Mark CHI
-- N-1, P-89
100 1# - MAIN ENTRY--PERSONAL NAME
Personal name Ching, Francis D.K.
9 (RLIN) 45374
245 10 - TITLE STATEMENT
Title Building construction illustrated /
Statement of responsibility, etc. Francis D.K. Ching.
260 ## - PUBLICATION, DISTRIBUTION, ETC.
Place of publication, distribution, etc. India
Name of publisher, distributor, etc. CBS publishers
Date of publication, distribution, etc. 1985
300 ## - PHYSICAL DESCRIPTION
Extent (various pagings) :
Other physical details illustrations ;
Dimensions 28 cm
526 ## - STUDY PROGRAM INFORMATION NOTE
Program name 0
Interest level 0
Reading level 0
Title point value 692_100000000000000_CHI
526 ## - STUDY PROGRAM INFORMATION NOTE
Program name 0
Interest level 0
Reading level 0
Title point value 692_100000000000000_CHI
526 ## - STUDY PROGRAM INFORMATION NOTE
Program name 0
Interest level 0
Reading level 0
Title point value 692_100000000000000_CHI
650 #0 - SUBJECT ADDED ENTRY--TOPICAL TERM
Topical term or geographic name entry element Building.
650 #0 - SUBJECT ADDED ENTRY--TOPICAL TERM
Topical term or geographic name entry element House construction.
650 #7 - SUBJECT ADDED ENTRY--TOPICAL TERM
Topical term or geographic name entry element ARCHITECTURE / Design, Drafting, Drawing & Presentation.
9 (RLIN) 45375
650 #7 - SUBJECT ADDED ENTRY--TOPICAL TERM
Topical term or geographic name entry element NUST
9 (RLIN) 6342
942 ## - ADDED ENTRY ELEMENTS (KOHA)
Source of classification or shelving scheme
Koha item type Book
Holdings
Withdrawn status Lost status Source of classification or shelving scheme Damaged status Not for loan Permanent Location Current Location Date acquired Total Checkouts Full call number Barcode Date last seen Date last checked out Price effective from Koha item type
          Military College of Engineering (MCE) Military College of Engineering (MCE) 09/11/2014 2 692.1 CHI MCE-36428 10/01/2018 01/04/2018 09/11/2014 Book
          Military College of Engineering (MCE) Military College of Engineering (MCE) 12/10/2018 1 692.1 CHI MCE-50716 04/07/2020 12/12/2018 12/10/2018 Book
          Military College of Engineering (MCE) Military College of Engineering (MCE) 12/10/2018 2 692.1 CHI MCE-50717 09/30/2019 09/30/2019 12/10/2018 Book
© 2023 Central Library, National University of Sciences and Technology. All Rights Reserved.